INDIA (Record no. 28221)

MARC details
000 -LEADER
fixed length control field 00352nam a22001337a 4500
003 - CONTROL NUMBER IDENTIFIER
control field SGT
082 ## - DEWEY DECIMAL CLASSIFICATION NUMBER
Classification number 321.8
Item number DUT
100 ## - MAIN ENTRY--PERSONAL NAME
Personal name DUTTA PRIYADARSHI
245 ## - TITLE STATEMENT
Title INDIA
Remainder of title THE MAINSPRING OF DEMOCRATIC TRADITIONS
260 ## - PUBLICATION, DISTRIBUTION, ETC. (IMPRINT)
Place of publication, distribution, etc DELHI
Name of publisher, distributor, etc ICCR & SGT UNIVERSITY
Year of Publication 2023
300 ## - PAGE DESCRIPTION
No. of Pages 304
653 ## - KEYWORDS--INDEX TERM
Keyword term INDIAN DEMOCRACY , INDIAN DEMOCRACY HISTORY
942 ## - ADDED ENTRY ELEMENTS (KOHA)
Source of classification or shelving scheme Dewey Decimal Classification
Koha item type Books
Holdings
Withdrawn status Lost status Source of classification or shelving scheme Damaged status Not for loan Collection code Home library Current library Shelving location Date acquired Vendor Name Cost, normal purchase price SGTU Full call number Accession No. (Barcode) Date last seen Bill Date Koha item type
    Dewey Decimal Classification   Not For Loan LAW SGT Science & Social Sciences Library SGT Science & Social Sciences Library Reference Book 18/12/2024 SGTU 720.00 SGTU 321.8 DUT FL3774 18/12/2024 18/12/2024 Books
    Dewey Decimal Classification     LAW SGT Science & Social Sciences Library SGT Science & Social Sciences Library Text Book 18/12/2024 SGTU 720.00 SGTU 321.8 DUT FL3775 18/12/2024 18/12/2024 Books